000 01035nam a22002657a 4500
005 20211115091340.0
008 211115b ||||| |||| 00| 0 eng d
020 _a9788187966845
040 _cAL
041 _aeng
082 _223
_a355.033
_bCHAP
100 _aShalini Chawla
_910359
245 _aPakistans Military and its Strategy
260 _aNew Delhi
_bKW Publishers Pvt Ltd
_c2009
300 _axixiii,295 p.
_bHB
_c23x15 cm.
365 _b720.00
_c
_d720.00
520 _ahis book is an attempt to fill a critical void in our knowledge in understanding Pakistan s military which on one side began to dominate the power structure of the country and at another sought a unique strategy to apply force for ideological and political goals
650 _aMilitary Science
_910360
650 _aPakistan Navy
_910361
650 _aPakistan Army
_910362
650 _aPakistan Airforce
_910363
650 _aPskistan Political, Economic. Military Trends
_910364
700 _aCHAWLA (Shalini)
_910365
942 _2ddc
_cGF
999 _c220567
_d220567